000 00489nam a22001937a 4500
003 CEME
005 20210628203138.0
008 210119b xxu||||| |||| 00| 0 eng d
020 _a81-7319-430-0
040 _cceme
082 _a681.2 RAN
100 _aRana , Inder .K
_961990
245 _aAn introduction to measure and integration
250 _a2ND
260 _aNEW DELHI
_bNAROSA
_c2005
300 _aXXII,424 P
650 _aMEASURE AND INTEGRATION
_963613
942 _cBK
_2ddc
999 _c572372
_d572372